Science Quiz

Random Science or Biology Quiz

Flying / Gliding non-Birds Quiz Stats

 Plays Quiz not verified by Sporcle

Score 0/20 Timer 12:00
1 Play Today
% Correct
Butterfly
93.5%
Dragonfly
91.9%
Flying Fish
90.3%
Gliding Ant
90.3%
Gliding Snake
87.1%
Ladybug|Ladybird
87.1%
Wallace's Flying Frog
85.5%
Pteranodon
80.6%
Vampire Bat
75.8%
Flying Gecko
74.2%
% Correct
Sugar Glider
72.6%
Flying Dragon
71%
Flying Squirrel
69.4%
Longisquama
69.4%
Wasp
61.3%
Flying Fox
59.7%
Colugo
54.8%
Mahogany Glider
43.5%
Feathertail Glider
27.4%
Flying Lemur
25.8%

You're not logged in!

Compare scores with friends on all Sporcle quizzes.
OR
Log In

Sporcle TV

Today on Sporcle TV


Watch our educational content, quiz creation guides, and fun videos on Sporcle TV.

Show Comments

Extras

Top Quizzes Today


Score Distribution

Your Account Isn't Verified!

In order to create a playlist on Sporcle, you need to verify the email address you used during registration. Go to your Sporcle Settings to finish the process.

Report this User

Report this user for behavior that violates our Community Guidelines.

Details: